000 01634nam a22003614a 4500
001 ebr10056592
003 CaPaEBR
006 m u
007 cr cn|||||||||
008 030109s2003 nyu sb 001 0 eng
010 _z 2003000398
020 _z1931202540 (alk. paper)
040 _aCaPaEBR
_cCaPaEBR
035 _a(OCoLC)232190154
050 1 4 _aKF9226.Z9
_bR63 2003eb
082 0 4 _a345.73/03
_221
100 1 _aRodriguez, Nancy.
245 1 0 _aPersistent offender law
_h[electronic resource] :
_bracial disparity, patterned offenses, and unintended effects /
_cNancy Rodriguez.
260 _aNew York :
_bLFB Scholarly Pub.,
_c2003.
300 _aviii, 144 p.
490 1 _aCriminal justice recent scholarship
504 _aIncludes bibliographical references (p. 131-142) and index.
505 0 _aCrime control through sentencing severity -- Sentencing mechanisms and courtroom culture -- Three strikes law and racial disparity -- Methodology -- Analytical results.
533 _aElectronic reproduction.
_bPalo Alto, Calif. :
_cebrary,
_d2013.
_nAvailable via World Wide Web.
_nAccess may be limited to ebrary affiliated libraries.
650 0 _aRecidivists
_zUnited States.
650 0 _aSentences (Criminal procedure)
_zUnited States.
650 0 _aPreventive detention
_zUnited States.
651 0 _aUnited States
_xRace relations.
655 7 _aElectronic books.
_2local
710 2 _aebrary, Inc.
830 0 _aCriminal justice (LFB Scholarly Publishing LLC)
856 4 0 _uhttp://site.ebrary.com/lib/rucke/Doc?id=10056592
_zAn electronic book accessible through the World Wide Web; click to view
999 _c72626
_d72626